000 00644cam a22002411 4500
001 sa 64000202
003 DLC
005 20260227111954.0
008 890613s1963 ii 000 0 pano
010 _asa 64000202
025 _aPL480:I-Pu-301
035 _a(OCoLC)19865616
040 _aDLC
_cWaU
_dNSyU
_dDLC
042 _apremarc
050 0 0 _aPK2659.G26
_bD8
100 1 _aGāragī, Balawanta,
_d1916-2003.
245 1 0 _aDuddha dīāṃ dhārāṃ,
_cBalawanta Gāragī.
250 _a[Pahilī wāra.]
260 _aAmmritasara,
_bKastūrī Lāla
_c[1963]
300 _a161 p.
_c19 cm.
500 _aIn Panjabi.
500 _aPlays.
999 _c56090
_d56090